| 000 | 00326nam a2200097Ia 4500 | ||
|---|---|---|---|
| 008 | 160725s9999 xx 000 0 und d | ||
| 100 | _aGregorio, Pauline Rose L. | ||
| 245 | 2 | _aA reflective commentary on professional nursing education. | |
| 260 |
_bKaizen Research Journal College of Nursing _cSeptember 2012 |
||
| 650 | _aNURSING | ||
| 999 |
_c298013 _d298013 |
||